Devine la ville par son surnom !🌍 - Statistiques

Statistiques générales
  • Ce quiz a Ă©tĂ© pris 168 fois
  • Le rĂ©sultat moyen est 6 sur 15
Statistiques - réponses
Surnom Ville attendue % Correct
La Ville LumiĂšre Paris
99%
La Grosse Pomme New York
90%
La Ville Éternelle Rome
83%
La Ville des Anges Los Angeles
67%
La Venise du Nord Amsterdam
63%
La Cité des Doges Venise
49%
La Reine du Danube Budapest
48%
La Ville du Péché Las Vegas
40%
La Porte de l’Inde Mumbai
32%
La Ville aux Cent Clochers Prague
30%
La Ville aux Sept Collines Lisbonne
13%
La Ville des Mille et Une Nuits Marrakech
13%
La Ville du Vent Chicago
10%
La Perle de l'Orient Hong Kong
4%
La Ville Verte Nantes
3%
Aucun quiz correspondant
Distribution des résultats
% des personnes avec chaque résultat
Percentile par nombre de réponses
Votre historique - résultats
Vous n’avez pas pris ce quiz